| 000 | 01522cam a22003614a 4500 | ||
|---|---|---|---|
| 001 | 12922621 | ||
| 003 | OSt | ||
| 005 | 20210416063455.0 | ||
| 008 | 020909s2003 nyu 000 0deng | ||
| 010 | _a 2002030866 | ||
| 020 | _a0743235355 | ||
| 040 |
_aDLC _cDLC _dDLC |
||
| 042 | _apcc | ||
| 043 |
_aap----- _an-us--- |
||
| 050 | 0 | 0 |
_aDS79.74 _b.S96 2003 |
| 080 |
_a94 _bS-97 |
||
| 082 | 0 | 0 |
_a956.7044/245 _221 |
| 100 | 1 | _aSwofford, Anthony. | |
| 245 | 1 | 0 |
_aJarhead : _ba Marine's chronicle of the Gulf War and other battles / _cAnthony Swofford. |
| 260 |
_aNew York : _bScribner, _c2003. |
||
| 300 |
_a260 p. ; _c24 cm. |
||
| 365 | _b24 usd | ||
| 600 | 1 | 0 | _aSwofford, Anthony. |
| 610 | 1 | 0 |
_aUnited States. _bMarine Corps. _bMarine Regiment, 7th. _bBattalion, 2nd. _bSurveillance and Target Acquisition Platoon. |
| 650 | 0 |
_aPersian Gulf War, 1991 _vPersonal narratives, American. |
|
| 653 | _aპირადი მონათხრობი | ||
| 856 | 4 | 2 |
_3Contributor biographical information _uhttp://www.loc.gov/catdir/bios/simon053/2002030866.html |
| 856 | 4 | 2 |
_3Publisher description _uhttp://www.loc.gov/catdir/description/simon034/2002030866.html |
| 856 | 4 | 1 |
_3Sample text _uhttp://www.loc.gov/catdir/enhancements/fy0640/2002030866-s.html |
| 906 |
_a7 _bcbc _corignew _d1 _eocip _f20 _gy-gencatlg |
||
| 942 |
_2ddc _cBK |
||
| 999 |
_c137 _d137 |
||